Materials for engineers and technicians.--4th ed. (Record no. 82710)

MARC details
000 -LEADER
fixed length control field 00784nam a2200193 a 4500
008 - FIXED-LENGTH DATA ELEMENTS--GENERAL INFORMATION
fixed length control field 090316s2006 ||||||||||||||||| || u
020 ## - INTERNATIONAL STANDARD BOOK NUMBER
International Standard Book Number 0750668504
050 ## - LIBRARY OF CONGRESS CALL NUMBER
Classification number TA 403 Hig
100 ## - MAIN ENTRY--PERSONAL NAME
Personal name Higgins, Raymond A
245 10 - TITLE STATEMENT
Title Materials for engineers and technicians.--4th ed.
250 ## - EDITION STATEMENT
Edition statement 4th ed.
260 ## - PUBLICATION, DISTRIBUTION, ETC.
Place of publication, distribution, etc. Amsterdam:
Name of publisher, distributor, etc. Elsevier
Date of publication, distribution, etc. 2006.
300 ## - PHYSICAL DESCRIPTION
Extent xiii, 400p.: ill.
350 ## -
-- 0.00
650 #0 - SUBJECT ADDED ENTRY--TOPICAL TERM
Topical term or geographic name entry element MATERIALS
650 ## - SUBJECT ADDED ENTRY--TOPICAL TERM
Topical term or geographic name entry element METALS
995 ## -
-- MAIN LIBRARY OPEN ACCESS
-- 0.00
-- 740704
-- CBU-MAIN LIBRARY (Kitwe)
-- 1
-- 0.00
-- TA 403 HIG
-- 2
-- AVAILABLE
-- Feb 22, 2010
-- 740704
-- Main Library Open Access Collection
995 ## -
-- MAIN LIBRARY OPEN ACCESS
-- 0.00
-- 739735
-- CBU-MAIN LIBRARY (Kitwe)
-- 1
-- 0.00
-- TA 403 HIG
-- 1
-- AVAILABLE
-- Apr 1, 2009
-- 739735
-- Main Library Open Access Collection
999 ## -
-- 82710
-- 82710
Holdings
Withdrawn status Lost status Source of classification or shelving scheme Damaged status Not for loan Permanent Location Current Location Shelving location Date acquired Total Checkouts Full call number Barcode Date last seen Copy number Price effective from Koha item type
          CBU-MAIN LIBRARY, KITWE. CBU-MAIN LIBRARY, KITWE.   09/29/2023   TA 403 Hig 740704 09/29/2023 1 09/29/2023 MONOGRAPH
          CBU-MAIN LIBRARY, KITWE. CBU-MAIN LIBRARY, KITWE.   09/29/2023   TA 403 Hig 739735 09/29/2023 2 09/29/2023 MONOGRAPH